Chemical reaction engineering (Record no. 18666)

000 -LEADER
fixed length control field 00567nam a22001931 4500
001 - CONTROL NUMBER
control field 18666
003 - CONTROL NUMBER IDENTIFIER
control field BD-DhUET
008 - FIXED-LENGTH DATA ELEMENTS--GENERAL INFORMATION
fixed length control field 840403s1962 nyua b 000 0 eng c
040 ## - CATALOGING SOURCE
Original cataloging agency DLC/ICU
Transcribing agency DLC
Modifying agency BD-DhUET
082 0# - DEWEY DECIMAL CLASSIFICATION NUMBER
Classification number 660.299
Item number LEV/1964
100 ## - MAIN ENTRY--PERSONAL NAME
Personal name Levenspiel, Octave
245 10 - TITLE STATEMENT
Title Chemical reaction engineering
Remainder of title an introduction to the design of chemical reactors
250 ## - EDITION STATEMENT
Edition statement 1st ed.
260 ## - PUBLICATION, DISTRIBUTION, ETC. (IMPRINT)
Place of publication, distribution, etc. New York
Name of publisher, distributor, etc. John Wiley & Sons
Date of publication, distribution, etc. 1962
300 ## - PHYSICAL DESCRIPTION
Extent xv, 501 p.
Other physical details illus.
Dimensions 24 cm.
504 ## - BIBLIOGRAPHY, ETC. NOTE
Bibliography, etc Includes bibliographies
650 #0 - SUBJECT ADDED ENTRY--TOPICAL TERM
Topical term or geographic name as entry element Chemical engineering
942 ## - ADDED ENTRY ELEMENTS (KOHA)
Koha item type General Book
Holdings
Withdrawn status Sublocation or collection (holding branch) Location (home branch) Piece designation (barcode) Not for loan Lost status Koha date last seen Date acquired Source of classification or shelving scheme Koha full call number Damaged status Koha normalized classification for sorting Copy number Koha date last borrowed Koha issues (times borrowed) Shelving location Koha item type Price effective from
 Central Library, BUETCentral Library, BUET17501  2015-03-312015-03-31 660.299/LEV/1967 660_299000000000000_LEV_19671  Circulation sectionGeneral Book2015-03-31
 Central Library, BUETCentral Library, BUET17821  2015-03-312015-03-31 660.299/LEV/1967 660_299000000000000_LEV_19672  Circulation sectionGeneral Book2015-03-31
 Central Library, BUETCentral Library, BUET17822  2015-03-312015-03-31 660.299/LEV/1967 660_299000000000000_LEV_19673  Circulation sectionGeneral Book2015-03-31
 Central Library, BUETCentral Library, BUET4402  2015-03-312015-03-31 660.299/LEV/1967 660_299000000000000_LEV_19674  Circulation sectionGeneral Book2015-03-31
 Central Library, BUETCentral Library, BUET20932  2015-03-312015-03-31 660.299/LEV/1967 660_299000000000000_LEV_19675  Circulation sectionGeneral Book2015-03-31
 Central Library, BUETCentral Library, BUET17502  2023-12-182015-04-01 660.299/LEV/1964 660_299000000000000_LEV_196462023-12-051Circulation sectionGeneral Book2015-04-01
 Central Library, BUETCentral Library, BUET12542  2020-01-252015-04-01 660.299/LEV/1964 660_299000000000000_LEV_196472019-05-051Circulation sectionGeneral Book2015-04-01
 Central Library, BUETCentral Library, BUET36300  2015-06-182015-06-18 660.299/LEV/1964 660_299000000000000_LEV_19648  Reading sectionReading Item2015-06-18